[Event "19th Hoogeveen op"]
[Site "Hoogeveen NED"]
[Date "2015.10.19"]
[Round "4.7"]
[White "Rudolf, Anna"]
[Black "Gupta, Abhijeet"]
[Result "0-1"]
[WhiteElo "2329"]
[BlackElo "2629"]
[EventDate "2015.10.17"]
[PlyCount "106"]

1.e4 c5 2.Nf3 d6 3.d4 cxd4 4.Nxd4 Nf6 5.Nc3 Nc6 6.Bc4 e6 7.O-O Be7 8.a3 
O-O 9.Ba2 Bd7 10.Kh1 Nxd4 11.Qxd4 Bc6 12.f4 Nd7 13.Be3 Bf6 14.Qxd6 Bxc3 
15.bxc3 Qh4 16.e5 Rfd8 17.Qd2 Nxe5 18.Qf2 Qxf2 19.Bxf2 Ng6 20.Bd4 Rd7 21.
Rf2 Nh4 22.Bc4 Nf5 23.Rd2 Rc8 24.Bd3 Nxd4 25.cxd4 g6 26.Bf1 Bd5 27.Rb1 Rc3
28.a4 Rdc7 29.Rb2 Ra3 30.Kg1 Rxa4 31.Kf2 Rc3 32.Rd1 a6 33.g3 b5 34.Bg2 Ra2
35.Rxa2 Bxa2 36.Be4 Bd5 37.Bd3 Bc4 38.Bxc4 Rxc4 39.Rd2 Kf8 40.Ke2 Ke7 41.
Kd3 Kd6 42.Re2 Ra4 43.Re5 Ra3+ 44.Kd2 Rf3 45.Ke2 Rc3 46.Kd2 Rc4 47.c3 Ra4 
48.h4 f6 49.Re1 Ra2+ 50.Kd3 Ra3 51.Rb1 h5 52.Rb2 Kd5 53.Rb4 Ra2 0-1

[Event "19th Hoogeveen op"]
[Site "Hoogeveen NED"]
[Date "2015.10.19"]
[Round "4.8"]
[White "Stocek, Jiri"]
[Black "Maris, Ivo"]
[Result "1-0"]
[WhiteElo "2566"]
[BlackElo "2319"]
[EventDate "2015.10.17"]
[PlyCount "83"]

1.d4 Nf6 2.c4 g6 3.Nc3 Bg7 4.e4 d6 5.h3 O-O 6.Be3 c5 7.d5 b5 8.cxb5 a6 9.
a4 Qa5 10.Bd2 axb5 11.Bxb5 Ba6 12.Nge2 Qb4 13.f3 c4 14.Nd4 Nfd7 15.Nce2 
Qc5 16.Be3 Ne5 17.O-O Qb4 18.Bd2 Qc5 19.Be3 Qb4 20.Nc2 Qa5 21.Bd4 Nd3 22.
Bxg7 Kxg7 23.Kh2 Qb6 24.Na3 Bxb5 25.Nxb5 Nd7 26.b3 Rfc8 27.bxc4 N3e5 28.
Ned4 Nxc4 29.Qe2 Na5 30.Rfc1 Rxc1 31.Rxc1 Nc5 32.e5 Nab7 33.exd6 exd6 34.
Nc6 Rxa4 35.Qb2+ Kh6 36.Ne7 Rf4 37.Qd2 g5 38.Nd4 Kg7 39.g3 Rf6 40.Qxg5+ 
Rg6 41.Ndf5+ Kf8 42.Nxg6+ 1-0

[Event "19th Hoogeveen op"]
[Site "Hoogeveen NED"]
[Date "2015.10.19"]
[Round "4.9"]
[White "Halkias, Stelios"]
[Black "Van Osch, Mees"]
[Result "1/2-1/2"]
[WhiteElo "2534"]
[BlackElo "2285"]
[EventDate "2015.10.17"]
[PlyCount "51"]

1.c4 b6 2.Nf3 Bb7 3.e3 e6 4.b3 f5 5.Bb2 Nf6 6.Be2 Be7 7.O-O O-O 8.Nc3 Qe8 
9.d4 d6 10.d5 e5 11.Qc2 Ng4 12.Ne1 Qg6 13.Nd3 Nd7 14.Rae1 a6 15.Qd1 Ndf6 
16.Nb4 Rae8 17.Nc6 Bc8 18.h3 Nh6 19.f4 Nf7 20.Bf3 Nd7 21.e4 Nf6 22.Kh1 Qh6
23.exf5 Bxf5 24.Ne4 Bxe4 25.Bxe4 Nh5 26.Qg4 1/2-1/2

[Event "19th Hoogeveen op"]
[Site "Hoogeveen NED"]
[Date "2015.10.19"]
[Round "4.10"]
[White "Werle, Jan"]
[Black "Majhi, Ankit"]
[Result "1-0"]
[WhiteElo "2524"]
[BlackElo "2233"]
[EventDate "2015.10.17"]
[PlyCount "93"]

1.d4 Nf6 2.c4 g6 3.Nf3 Bg7 4.g3 O-O 5.Bg2 d6 6.O-O Nc6 7.Nc3 a6 8.Bf4 Rb8 
9.c5 b5 10.cxb6 Rxb6 11.d5 Na5 12.b3 c6 13.Rc1 Bd7 14.e4 cxd5 15.exd5 Rb8 
16.Qd3 Qb6 17.Be3 Qb7 18.Bd2 Qa8 19.Rfe1 Rfe8 20.Nd4 Ng4 21.h3 Nf6 22.Ne4 
Bb5 23.Nxb5 axb5 24.Nc3 b4 25.Na4 Nd7 26.Rc7 Ne5 27.Qe2 Rb7 28.Rec1 Rxc7 
29.Rxc7 Qb8 30.Rc2 h5 31.Qa6 Qa8 32.Qxa8 Rxa8 33.Bxb4 Nd3 34.Bd2 Bd4 35.
Bxa5 Rxa5 36.Rd2 Nc1 37.Bf1 Be5 38.Rc2 Rxd5 39.Rxc1 Rd2 40.Nc3 Bd4 41.Ne2 
Bc5 42.a4 Rb2 43.Rc3 Kg7 44.Kg2 g5 45.g4 h4 46.Rf3 e5 47.Nc3 1-0

[Event "19th Hoogeveen op"]
[Site "Hoogeveen NED"]
[Date "2015.10.19"]
[Round "4.11"]
[White "Shabalov, Alexander"]
[Black "Van der Marel, Bert"]
[Result "1-0"]
[WhiteElo "2522"]
[BlackElo "2212"]
[EventDate "2015.10.17"]
[PlyCount "85"]

1.d4 Nf6 2.c4 c5 3.d5 e6 4.Nc3 exd5 5.cxd5 d6 6.Nf3 g6 7.Nd2 Bg7 8.Nc4 O-O
9.Bg5 h6 10.Bf4 Ne8 11.h4 f5 12.Qd2 Kh7 13.e3 b6 14.Nb5 Rf7 15.Nbxd6 Rd7 
16.Nxe8 Qxe8 17.Nd6 Qd8 18.Nxc8 Rxd5 19.Qc2 Qxc8 20.Bc4 Rd8 21.O-O Nc6 22.
Rad1 Qb7 23.h5 Ne5 24.hxg6+ Kxg6 25.Be6 Qe4 26.Qxe4 fxe4 27.Bd5 Rxd5 28.
Rxd5 Nd3 29.b3 b5 30.Rd6+ Kh7 31.Rc6 a5 32.Bd6 c4 33.bxc4 b4 34.Rb6 Bc3 
35.c5 Nb2 36.Rb8 Ra6 37.Rb7+ Kg8 38.f3 Nc4 39.fxe4 Nxd6 40.cxd6 Rxd6 41.
Rf5 Ra6 42.Rc5 Ra8 43.a4 1-0

[Event "19th Hoogeveen op"]
[Site "Hoogeveen NED"]
[Date "2015.10.19"]
[Round "4.12"]
[White "Lecomte, Robin"]
[Black "Schroeder, Jan Christian"]
[Result "1/2-1/2"]
[WhiteElo "2317"]
[BlackElo "2519"]
[EventDate "2015.10.17"]
[PlyCount "58"]

1.d4 Nf6 2.c4 e6 3.Nf3 d5 4.cxd5 exd5 5.Nc3 c6 6.Bg5 h6 7.Bh4 Bf5 8.Qb3 
Qb6 9.Qxb6 axb6 10.Bxf6 gxf6 11.Nh4 Be6 12.e3 Na6 13.Kd2 b5 14.a4 b4 15.
Nd1 Nc7 16.b3 b6 17.Nb2 Kd7 18.Be2 Be7 19.Rhc1 Ra5 20.Rc2 c5 21.Nf3 Rg8 
22.g3 Bf5 23.Bd3 Bg6 24.Rd1 Bd6 25.Ke1 Bh5 26.Be2 Bg6 27.Bd3 Bh5 28.Be2 
Bg6 29.Bd3 Bh5 1/2-1/2

[Event "19th Hoogeveen op"]
[Site "Hoogeveen NED"]
[Date "2015.10.19"]
[Round "4.13"]
[White "Das, Arghyadip"]
[Black "Paulet, Iozefina"]
[Result "0-1"]
[WhiteElo "2467"]
[BlackElo "2184"]
[EventDate "2015.10.17"]
[PlyCount "106"]

1.e4 c5 2.Nc3 a6 3.Nf3 d6 4.d4 cxd4 5.Nxd4 Nf6 6.h3 e5 7.Nb3 Be6 8.f4 exf4
9.Bxf4 Nc6 10.Qe2 Ne5 11.O-O-O Qc7 12.g4 g6 13.Qe3 Rc8 14.Rh2 h5 15.g5 
Nfd7 16.Nd4 Qa5 17.a3 Bg7 18.Kb1 O-O 19.Nb3 Qc7 20.Qg3 Nb6 21.Nd4 Bc4 22.
Bg2 Be6 23.Bf1 Nbc4 24.Nd5 Bxd5 25.exd5 Nb6 26.Qb3 Ned7 27.Re2 Nc5 28.Qg3 
Nc4 29.Bc1 Qb6 30.Ree1 Na4 31.Bxc4 Rxc4 32.Nb3 Rfc8 33.Re2 Rc3 34.Rd3 Rxd3
35.Qxd3 Qg1 36.Qe4 Nxb2 37.Re1 Na4 38.Bd2 Nc5 39.Qf4 Qg2 40.Nxc5 dxc5 41.
c4 Qxh3 42.Re3 Qd7 43.d6 Qa4 44.Bc1 Bd4 45.Bb2 Bxe3 46.Qxe3 Qd1+ 47.Ka2 
Qxd6 48.Qc3 Qd4 49.Qc2 Qe3 50.Bc1 Qe5 51.Bb2 Qxg5 52.Qc3 f6 53.Qf3 Rf8 0-1

[Event "19th Hoogeveen op"]
[Site "Hoogeveen NED"]
[Date "2015.10.19"]
[Round "4.14"]
[White "Van Foreest, Lucas"]
[Black "Neelotpal, Das"]
[Result "0-1"]
[WhiteElo "2296"]
[BlackElo "2465"]
[EventDate "2015.10.17"]
[PlyCount "70"]

1.d4 Nf6 2.c4 e6 3.Nc3 Bb4 4.Qc2 O-O 5.Nf3 d6 6.g3 Nc6 7.a3 Bxc3+ 8.Qxc3 
Re8 9.Bg2 e5 10.dxe5 dxe5 11.Be3 Bg4 12.O-O Qc8 13.Rfe1 Ne4 14.Qc2 Nd6 15.
Rad1 a5 16.b3 Bf5 17.Qc1 h6 18.Nd2 Bh3 19.Ne4 Bxg2 20.Nxd6 cxd6 21.Kxg2 
Re6 22.Rd3 Ne7 23.Red1 Qc6+ 24.Kg1 a4 25.b4 Rc8 26.Rc3 b5 27.Qb1 bxc4 28.
b5 Qb7 29.Qc2 d5 30.Qxa4 Ra8 31.Qb4 d4 32.Bxd4 Nd5 33.Qxc4 exd4 34.Rc2 Nf4
35.f3 d3 0-1

[Event "19th Hoogeveen op"]
[Site "Hoogeveen NED"]
[Date "2015.10.19"]
[Round "4.15"]
[White "Jeitz, Christian"]
[Black "Kevlishvili, Robby"]
[Result "0-1"]
[WhiteElo "2198"]
[BlackElo "2361"]
[EventDate "2015.10.17"]
[PlyCount "118"]

1.e4 c5 2.Nf3 d6 3.Bb5+ Nc6 4.O-O Bd7 5.Re1 Nf6 6.h3 g6 7.c3 a6 8.Bf1 e5 
9.d4 Qc7 10.Bg5 Bg7 11.dxc5 dxc5 12.Nbd2 b5 13.a4 Rb8 14.axb5 axb5 15.Be3 
Nd8 16.Qc2 O-O 17.Ra6 Nh5 18.Rea1 Ne6 19.Qd3 Bc6 20.Ng5 Nhf4 21.Nxe6 Nxe6 
22.Qc2 Kh8 23.f3 Bf6 24.Nb3 Be7 25.Qf2 Bb7 26.Ra7 c4 27.Na5 Bc5 28.Bxc5 
Nxc5 29.Nxb7 Rxb7 30.Rxb7 Nxb7 31.Rd1 Rd8 32.Be2 Rxd1+ 33.Bxd1 Qd6 34.Bc2 
Nc5 35.Qe3 Kg7 36.Kf2 Ne6 37.g3 g5 38.b3 Qa3 39.bxc4 bxc4 40.Bd1 h5 41.Qd2
h4 42.gxh4 gxh4 43.Be2 Nf4 44.Bf1 Qa7+ 45.Qe3 Qa2+ 46.Ke1 Qb1+ 47.Kf2 Qc2+
48.Ke1 Kh7 49.Qd2 Qb1+ 50.Qd1 Qb6 51.Bxc4 Qe3+ 52.Be2 Nxh3 53.Qd7 Qxc3+ 
54.Kf1 Qc1+ 55.Bd1 Qc4+ 56.Ke1 Qe6 57.Qd8 Qh6 58.Qc7 Qf4 59.Be2 Ng5 0-1

[Event "19th Hoogeveen op"]
[Site "Hoogeveen NED"]
[Date "2015.10.19"]
[Round "4.16"]
[White "Gieben, Stijn"]
[Black "Van Kooten, Luuk"]
[Result "1-0"]
[WhiteElo "1955"]
[BlackElo "2350"]
[EventDate "2015.10.17"]
[PlyCount "115"]

1.e4 g6 2.d4 Bg7 3.c4 d6 4.Nc3 e5 5.Nf3 Nc6 6.dxe5 dxe5 7.Qxd8+ Kxd8 8.Nd5
Be6 9.Be3 h6 10.Bd3 Nb8 11.O-O Nd7 12.c5 c6 13.Nc3 f5 14.b4 Ne7 15.g3 Rf8 
16.Nh4 f4 17.Bd2 Kc7 18.Ng2 g5 19.Na4 Rfd8 20.Bc3 b6 21.Nb2 b5 22.a4 a6 
23.Kh1 Bf6 24.Rg1 Ng6 25.Be2 g4 26.f3 h5 27.Rgd1 Be7 28.Nd3 fxg3 29.hxg3 
Bb3 30.Rf1 Bc4 31.Rfd1 h4 32.f4 hxg3 33.axb5 axb5 34.f5 Rxa1 35.Rxa1 Bxd3 
36.Bxd3 Nf4 37.Ra7+ Kb8 38.Rxd7 Nxd3 39.Rxe7 Nf2+ 40.Kg1 Rd1+ 41.Ne1 Nxe4 
42.f6 Nxc3 43.f7 Rxe1+ 44.Kg2 Re2+ 45.Kxg3 Re3+ 46.Kxg4 Re4+ 47.Kg5 Rf4 
48.Re8+ Kc7 49.f8=Q Rxf8 50.Rxf8 Nd5 51.Rf7+ Kb8 52.Kf5 Nxb4 53.Kxe5 Nd3+ 
54.Kd6 b4 55.Rf3 Nc1 56.Kxc6 b3 57.Kb6 Kc8 58.c6 1-0

[Event "19th Hoogeveen op"]
[Site "Hoogeveen NED"]
[Date "2015.10.19"]
[Round "4.17"]
[White "Baskin, Robert"]
[Black "Heemskerk, Wim"]
[Result "1-0"]
[WhiteElo "2338"]
[BlackElo "2181"]
[EventDate "2015.10.17"]
[PlyCount "67"]

1.e4 e6 2.d4 d5 3.Nc3 Nf6 4.e5 Nfd7 5.f4 c5 6.Nf3 Nc6 7.Be3 a6 8.Qd2 Be7 
9.dxc5 Nxc5 10.O-O-O Qa5 11.Nd4 Nxd4 12.Bxd4 Bd7 13.Kb1 b5 14.g4 b4 15.Ne2
Rb8 16.Bg2 Qc7 17.Ng3 Na4 18.Ka1 g6 19.Bxd5 Bc6 20.Bxc6+ Qxc6 21.f5 Rd8 
22.Qc1 Qf3 23.f6 Qxg4 24.Bf2 Rxd1 25.Rxd1 Bc5 26.Qd2 O-O 27.h3 Qh4 28.Nf5 
Qh5 29.Nh6+ Kh8 30.Bxc5 Nxc5 31.Nxf7+ Kg8 32.Nh6+ Kh8 33.Ng4 Qxh3 34.Qd8 
1-0

[Event "19th Hoogeveen op"]
[Site "Hoogeveen NED"]
[Date "2015.10.19"]
[Round "4.18"]
[White "Dijkhuis, Tycho"]
[Black "Brantjes, Yme"]
[Result "1-0"]
[WhiteElo "2355"]
[BlackElo "1962"]
[EventDate "2015.10.17"]
[PlyCount "59"]

1.e4 c5 2.Nf3 d6 3.d4 cxd4 4.Nxd4 Nf6 5.Nc3 a6 6.h3 e5 7.Nb3 Be6 8.Be3 d5 
9.exd5 Nxd5 10.Nxd5 Qxd5 11.Qxd5 Bxd5 12.O-O-O Bc6 13.Na5 Bb4 14.Nxc6 Nxc6
15.c3 Be7 16.Be2 Rc8 17.Bb6 Bd8 18.Bg4 Rb8 19.Bd7+ Kf8 20.Be3 Bf6 21.Rd6 
Be7 22.Rd2 Na5 23.b3 b5 24.Rhd1 h6 25.Rd5 f6 26.f4 Ba3+ 27.Kc2 Ke7 28.fxe5
Nc4 29.bxc4 bxc4 30.Bc5+ 1-0

[Event "19th Hoogeveen op"]
[Site "Hoogeveen NED"]
[Date "2015.10.19"]
[Round "4.19"]
[White "De Jong, Migchiel"]
[Black "Mijnheer, Peter"]
[Result "1-0"]
[WhiteElo "2328"]
[BlackElo "2154"]
[EventDate "2015.10.17"]
[PlyCount "63"]

1.Nf3 Nf6 2.c4 c5 3.d4 cxd4 4.Nxd4 g6 5.Nc3 Nc6 6.e4 d6 7.Nc2 Bg7 8.Be2 
O-O 9.O-O Nd7 10.Bd2 Nc5 11.b4 Ne6 12.Rc1 a5 13.b5 Ncd4 14.Nxd4 Nxd4 15.
Be3 Nxe2+ 16.Qxe2 Be6 17.Na4 f5 18.exf5 Rxf5 19.Nb6 Rb8 20.Rfd1 Qf8 21.Qd2
Qf7 22.Qxa5 d5 23.cxd5 Bxd5 24.Nxd5 Rxd5 25.g3 Rxd1+ 26.Rxd1 Qf3 27.Rd8+ 
Rxd8 28.Qxd8+ Kf7 29.Qd3 Ke6 30.a4 Bf6 31.a5 h5 32.h4 1-0

[Event "19th Hoogeveen op"]
[Site "Hoogeveen NED"]
[Date "2015.10.19"]
[Round "4.20"]
[White "Bluhm, Sonja Maria"]
[Black "Beerdsen, Thomas"]
[Result "0-1"]
[WhiteElo "2128"]
[BlackElo "2313"]
[EventDate "2015.10.17"]
[PlyCount "60"]

1.e4 c5 2.Nf3 d6 3.d4 cxd4 4.Nxd4 Nf6 5.Nc3 a6 6.Be3 e6 7.f3 b5 8.a3 Nbd7 
9.Be2 Bb7 10.O-O Rc8 11.Qd2 Be7 12.Rad1 O-O 13.a4 b4 14.Na2 d5 15.Nxb4 a5 
16.Na2 dxe4 17.Nb3 exf3 18.Bxf3 Bxf3 19.Rxf3 Ne5 20.Rff1 Qxd2 21.Bxd2 Rxc2
22.Bc3 Neg4 23.Rd2 Rxd2 24.Bxd2 Rb8 25.Rf3 Ne5 26.Rh3 Nc4 27.Bxa5 Nxa5 28.
Nxa5 Rxb2 29.Nc3 Bc5+ 30.Kh1 Ne4 0-1

[Event "19th Hoogeveen op"]
[Site "Hoogeveen NED"]
[Date "2015.10.19"]
[Round "4.21"]
[White "Schoppen, Casper"]
[Black "Sparenberg, Erik"]
[Result "1-0"]
[WhiteElo "2220"]
[BlackElo "2088"]
[EventDate "2015.10.17"]
[PlyCount "67"]

1.d4 Nf6 2.c4 g6 3.Nf3 Bg7 4.Nc3 O-O 5.g3 d6 6.Bg2 a6 7.O-O Nc6 8.Bf4 Nh5 
9.Bg5 h6 10.Be3 f5 11.Qd2 g5 12.d5 Ne5 13.Nxe5 dxe5 14.f3 f4 15.Bf2 Nf6 
16.e4 h5 17.gxf4 gxf4 18.Kh1 Kf7 19.Rg1 h4 20.Bf1 Rh8 21.c5 Nh5 22.Bxh4 
Bf6 23.Be1 Rh6 24.Bc4 b5 25.Bb3 Bh3 26.a4 b4 27.d6+ e6 28.Nd5 cxd6 29.c6 
Qh8 30.Qxb4 exd5 31.Bxd5+ Be6 32.Bxe6+ Kxe6 33.Qb3+ Ke7 34.Qb7+ 1-0

[Event "19th Hoogeveen op"]
[Site "Hoogeveen NED"]
[Date "2015.10.19"]
[Round "4.22"]
[White "Mellema, Andries"]
[Black "Hilwerda, Jonas"]
[Result "1/2-1/2"]
[WhiteElo "2162"]
[BlackElo "1954"]
[EventDate "2015.10.17"]
[PlyCount "69"]

1.Nc3 g6 2.e4 Bg7 3.d4 d6 4.Be3 Nd7 5.Qd2 e5 6.Nge2 h5 7.h4 a6 8.f3 c6 9.
O-O-O Qc7 10.dxe5 dxe5 11.Na4 Bf8 12.Qc3 Ngf6 13.Nc5 Nxc5 14.Bxc5 Bxc5 15.
Qxc5 Qe7 16.Qe3 Be6 17.Kb1 O-O 18.Nc1 Rad8 19.Nd3 Bc4 20.b3 Bxd3 21.Bxd3 
Kh7 22.g4 Rd7 23.Rdf1 Kg7 24.g5 Ne8 25.f4 exf4 26.Qxf4 Nc7 27.Rf2 Ne6 28.
Qe5+ Kg8 29.Qc3 Nd4 30.Rhf1 Qe5 31.Rf6 Kg7 32.Qe1 Nb5 33.Bxb5 axb5 34.Qe2 
Re8 35.R6f4 1/2-1/2

[Event "19th Hoogeveen op"]
[Site "Hoogeveen NED"]
[Date "2015.10.19"]
[Round "4.23"]
[White "Sadallah, Osama"]
[Black "Den Hartog, Marijn"]
[Result "0-1"]
[WhiteElo "2067"]
[BlackElo "2158"]
[EventDate "2015.10.17"]
[PlyCount "122"]

1.d4 Nf6 2.c4 g6 3.Nc3 Bg7 4.Nf3 O-O 5.Bf4 d6 6.e3 c6 7.h3 a6 8.Bd3 b5 9.
O-O Nbd7 10.b3 Re8 11.Be2 b4 12.Na4 Nb6 13.Nb2 Ne4 14.Qc2 Nc3 15.Bg5 c5 
16.Bd3 Bb7 17.d5 Qc7 18.a4 e5 19.e4 f5 20.Nd2 f4 21.f3 h6 22.Bh4 g5 23.Be1
h5 24.Nd1 Nxd1 25.Qxd1 Bc8 26.Be2 Qf7 27.Kf2 Qg6 28.Rg1 Ra7 29.Nf1 Rf7 30.
Nh2 g4 31.hxg4 hxg4 32.Kf1 g3 33.Ng4 Bxg4 34.fxg4 Qxe4 35.Bd3 Qe3 36.Bf5 
e4 37.Ra2 Rfe7 38.Rh1 Nd7 39.Be6+ Rxe6 40.dxe6 Rxe6 41.Re2 Qd4 42.Rd2 Qf6 
43.Rh5 Ne5 44.Rd5 Qg6 45.Rdxe5 Rxe5 46.Rf5 Qh6 47.Rh5 Rxh5 48.gxh5 Qe6 49.
Qe2 Qf5 50.Qd1 Qe6 51.Qe2 Bd4 52.h6 Qf5 53.Qc2 Kh7 54.Qd1 Kxh6 55.Bxb4 Qh5
56.Qxh5+ Kxh5 57.Bd2 Kg4 58.b4 cxb4 59.Bxb4 Bc5 60.Be1 f3 61.a5 e3 0-1

[Event "19th Hoogeveen op"]
[Site "Hoogeveen NED"]
[Date "2015.10.19"]
[Round "4.24"]
[White "Valdes Romero, Leonardo"]
[Black "Rosmuller, Anton J"]
[Result "1-0"]
[WhiteElo "2362"]
[BlackElo "2137"]
[EventDate "2015.10.17"]
[PlyCount "35"]

1.Nf3 Nf6 2.g3 g6 3.Bg2 Bg7 4.O-O O-O 5.c4 d6 6.Nc3 Nc6 7.d3 a6 8.Rb1 Rb8 
9.b4 b5 10.cxb5 axb5 11.a4 bxa4 12.b5 Ne5 13.Qxa4 c5 14.bxc6 Rxb1 15.Nxb1 
Qb6 16.Be3 Qa6 17.Qxa6 Bxa6 18.Rc1 1-0

[Event "19th Hoogeveen op"]
[Site "Hoogeveen NED"]
[Date "2015.10.19"]
[Round "4.25"]
[White "Poghosyan, Tigran"]
[Black "Losekoot, Pascal"]
[Result "1-0"]
[WhiteElo "2182"]
[BlackElo "2126"]
[EventDate "2015.10.17"]
[PlyCount "91"]

1.e4 c5 2.Nf3 e6 3.d4 cxd4 4.Nxd4 Nf6 5.Nc3 d6 6.Bg5 Be7 7.Qd2 h6 8.Bxf6 
Bxf6 9.O-O-O a6 10.f4 O-O 11.Nb3 Be7 12.Kb1 Nc6 13.g4 b5 14.Qf2 b4 15.Ne2 
a5 16.h4 e5 17.g5 a4 18.Nbc1 exf4 19.Qxf4 h5 20.Ng3 g6 21.Be2 Ne5 22.Nd3 
Qa5 23.Qd2 Nxd3 24.cxd3 d5 25.Bf3 dxe4 26.Nxe4 Be6 27.Nf6+ Kh8 28.Bxa8 
Rxa8 29.Qf4 Bxa2+ 30.Kxa2 b3+ 31.Kb1 a3 32.Qd4 axb2 33.Qxb2 Ba3 34.Qa1 b2 
35.Qa2 Kg7 36.Rhf1 Qa7 37.Rd2 Rb8 38.Rdf2 Rb7 39.Ne8+ Kf8 40.Nd6 Bxd6 41.
Rxf7+ Rxf7 42.Qxa7 Rxf1+ 43.Kxb2 Kg8 44.Qb6 Be5+ 45.d4 Rf2+ 46.Kc3 1-0

[Event "19th Hoogeveen op"]
[Site "Hoogeveen NED"]
[Date "2015.10.19"]
[Round "4.26"]
[White "Schoehuys, Erik"]
[Black "Hendriks, Richard V"]
[Result "0-1"]
[WhiteElo "2182"]
[BlackElo "2107"]
[EventDate "2015.10.17"]
[PlyCount "74"]

1.d4 d5 2.c4 dxc4 3.Nf3 Nf6 4.e3 e6 5.Bxc4 c5 6.O-O Qc7 7.Be2 Nc6 8.dxc5 
Bxc5 9.a3 Bd6 10.Nbd2 O-O 11.Nc4 Be7 12.b4 b5 13.Ncd2 a6 14.Bb2 Bb7 15.Rc1
Rac8 16.Nb3 Rfd8 17.Qc2 Qb6 18.Qb1 h6 19.Nc5 Ba8 20.Rfd1 Nd5 21.Nd4 Nb8 
22.Bg4 Nf6 23.Bh3 Bd5 24.Ndb3 Qa7 25.Bd4 Qa8 26.f3 Nc6 27.Ba1 a5 28.e4 Bc4
29.Nd2 axb4 30.axb4 Nxb4 31.Ncb3 Qa7+ 32.Kh1 Nd3 33.Rf1 Nf2+ 34.Rxf2 Qxf2 
35.e5 Nd5 36.Ne4 Qe3 37.Nd4 Bd3 0-1

[Event "19th Hoogeveen op"]
[Site "Hoogeveen NED"]
[Date "2015.10.19"]
[Round "4.27"]
[White "Clemens, Adrian HP"]
[Black "Halfhide, Sebastian"]
[Result "1-0"]
[WhiteElo "2175"]
[BlackElo "2102"]
[EventDate "2015.10.17"]
[PlyCount "107"]

1.d4 Nf6 2.c4 g6 3.Nc3 Bg7 4.e4 d6 5.Nf3 O-O 6.Be2 e5 7.O-O Nc6 8.d5 Ne7 
9.b4 a5 10.Ba3 axb4 11.Bxb4 b6 12.a4 Re8 13.Re1 Bf8 14.Bf1 c5 15.dxc6 Nxc6
16.Ba3 Bg4 17.Nb5 Bxf3 18.Qxf3 Rxa4 19.Rad1 Re6 20.Qb3 Ra8 21.g3 Nd4 22.
Nxd4 exd4 23.Rxd4 Nd7 24.Rdd1 Nc5 25.Bxc5 bxc5 26.Bh3 Re8 27.e5 Qb8 28.
Qxb8 Raxb8 29.e6 fxe6 30.Rxe6 Rxe6 31.Bxe6+ Kh8 32.Rd3 Rd8 33.h4 Bg7 34.
Kg2 Bf6 35.Rd2 Bd4 36.Ra2 Rf8 37.Bd5 Rb8 38.Ra7 Rf8 39.f4 Rb8 40.h5 gxh5 
41.Kh3 Rf8 42.Be4 Bg7 43.Kh4 Re8 44.Bd5 Bd4 45.Kxh5 Rf8 46.Kg4 Bg7 47.Rd7 
Rf6 48.Rd8+ Bf8 49.Kg5 Rg6+ 50.Kf5 Kg7 51.Rd7+ Kh6 52.g4 Bg7 53.Rf7 Bf6 
54.g5+ 1-0

[Event "19th Hoogeveen op"]
[Site "Hoogeveen NED"]
[Date "2015.10.19"]
[Round "4.28"]
[White "Hulshof, Peter"]
[Black "Henseler, Jorgen"]
[Result "1-0"]
[WhiteElo "2175"]
[BlackElo "2069"]
[EventDate "2015.10.17"]
[PlyCount "73"]

1.e4 e5 2.Nf3 Nc6 3.Nc3 Nf6 4.g3 Bb4 5.Bg2 d6 6.d3 h6 7.O-O Be6 8.h3 Qd7 
9.Kh2 g5 10.Ng1 O-O-O 11.Nd5 Bxd5 12.exd5 Ne7 13.c3 Bc5 14.b4 Bb6 15.a4 
Nfxd5 16.a5 Bxf2 17.Rxf2 f5 18.c4 Nf6 19.Qf3 e4 20.dxe4 Nxe4 21.Re2 d5 22.
Bb2 d4 23.Rd1 Nc6 24.b5 Ne5 25.Qb3 d3 26.Re3 Ng4+ 27.hxg4 Nf2 28.Bf3 Rhf8 
29.Rd2 fxg4 30.Bd5 Rde8 31.Bd4 Ne4 32.Bxe4 Qxd4 33.Qxd3 Qf6 34.Bf5+ Kb8 
35.Rxe8+ Rxe8 36.Qd7 Rf8 37.Re2 1-0

[Event "19th Hoogeveen op"]
[Site "Hoogeveen NED"]
[Date "2015.10.19"]
[Round "4.29"]
[White "Hortensius, Lisa"]
[Black "Kossen, Johannes"]
[Result "1-0"]
[WhiteElo "2154"]
[BlackElo "2029"]
[EventDate "2015.10.17"]
[PlyCount "67"]

1.e4 c5 2.Nf3 e6 3.d4 cxd4 4.Nxd4 Nc6 5.Nc3 Qc7 6.Be3 Nf6 7.f3 a6 8.Qd2 
Be7 9.O-O-O b5 10.g4 h6 11.h4 Bb7 12.Bd3 Ne5 13.g5 hxg5 14.hxg5 Nh5 15.Kb1
Nxd3 16.Qxd3 g6 17.Nde2 O-O-O 18.Bd4 Rhg8 19.Qe3 Rde8 20.Rd3 Bc6 21.a3 Kb7
22.Rhd1 Rd8 23.f4 d6 24.Qd2 Rd7 25.Bf2 Rdd8 26.Nd4 Bd7 27.Na2 d5 28.e5 Rc8
29.Nb3 Ka8 30.Nb4 Bxb4 31.axb4 Bc6 32.Rc3 Qe7 33.Na5 d4 34.Rxc6 1-0

[Event "19th Hoogeveen op"]
[Site "Hoogeveen NED"]
[Date "2015.10.19"]
[Round "4.30"]
[White "Kouwenhoven, Derk"]
[Black "Boer, Alef"]
[Result "1/2-1/2"]
[WhiteElo "1918"]
[BlackElo "2151"]
[EventDate "2015.10.17"]
[PlyCount "108"]

1.e4 Nf6 2.e5 Nd5 3.c4 Nb6 4.d4 d6 5.exd6 exd6 6.Nc3 Nc6 7.Be3 Be7 8.Bd3 
O-O 9.Qf3 Nb4 10.Qe2 Nxd3+ 11.Qxd3 d5 12.cxd5 Nxd5 13.Nf3 Bg4 14.Ne5 Be6 
15.O-O c6 16.Rae1 f6 17.Nf3 b5 18.Qe4 Bf7 19.Nh4 g6 20.Bh6 Re8 21.Qg4 Bb4 
22.Bd2 Bf8 23.Rxe8 Qxe8 24.Re1 Qc8 25.Qf3 f5 26.Qh3 Nf6 27.a3 a5 28.Bg5 
Bg7 29.Nf3 b4 30.Na4 Rb8 31.Ne5 Bd5 32.Nc5 Ne4 33.Bf4 Nxc5 34.dxc5 Rb5 35.
Nd3 bxa3 36.bxa3 Rb3 37.Re7 Bc4 38.Qe3 Bf8 39.Re8 Rxd3 40.Qxd3 Qxe8 41.
Qxc4+ Qf7 42.Qc2 Qd5 43.Be3 f4 44.Bxf4 Qxc5 45.Qb3+ Qd5 46.Qxd5+ cxd5 47.
Bd2 a4 48.Bc1 Kf7 49.Kf1 Ke6 50.Ke2 Bc5 51.f3 Bd6 52.h3 Be5 53.Kd3 h5 54.
g4 hxg4 1/2-1/2

[Event "19th Hoogeveen op"]
[Site "Hoogeveen NED"]
[Date "2015.10.19"]
[Round "4.31"]
[White "Klapwijk, Bram"]
[Black "Van Randtwijk, Mick"]
[Result "1-0"]
[WhiteElo "2151"]
[BlackElo "1852"]
[EventDate "2015.10.17"]
[PlyCount "29"]

1.Nf3 c5 2.c4 e6 3.Nc3 Nf6 4.g3 Nc6 5.Bg2 d5 6.cxd5 exd5 7.d4 b6 8.Ne5 Bb7
9.Qa4 Rc8 10.Bh3 Rc7 11.Nb5 Re7 12.Nxa7 Rxe5 13.Nxc6 Bxc6 14.Qxc6+ Nd7 15.
dxe5 1-0

[Event "19th Hoogeveen op"]
[Site "Hoogeveen NED"]
[Date "2015.10.19"]
[Round "4.32"]
[White "Van der Veen, Jan"]
[Black "Elgersma, Simon"]
[Result "1/2-1/2"]
[WhiteElo "2070"]
[BlackElo "2055"]
[EventDate "2015.10.17"]
[PlyCount "95"]

1.e4 e6 2.d4 d5 3.Nc3 Bb4 4.e5 Ne7 5.Bd2 b6 6.Bb5+ Bd7 7.Bd3 c5 8.a3 Bxc3 
9.Bxc3 cxd4 10.Bxd4 Nbc6 11.c3 Ng6 12.Nf3 Qc7 13.Bxg6 hxg6 14.O-O Qd8 15.
Re1 Rc8 16.Rc1 Na5 17.b3 Qe7 18.a4 Bc6 19.Rb1 Rc7 20.Qd2 Rd7 21.Ng5 Kd8 
22.f4 Qa3 23.Qb2 Qxb2 24.Rxb2 Ke7 25.h3 Rb7 26.Nf3 Rc8 27.Kf2 Bd7 28.Rc1 
Rcc7 29.Ke1 b5 30.axb5 Rxb5 31.b4 Nc4 32.Ra2 a5 33.bxa5 Nxa5 34.Rxa5 Rxa5 
35.Bb6 Rac5 36.Bxc7 Rxc7 37.Nd4 Rb7 38.Rc2 f6 39.Kd2 g5 40.Ke3 Rb1 41.Nf3 
gxf4+ 42.Kxf4 Ra1 43.Re2 Ra4+ 44.Nd4 Rc4 45.Re3 Kf7 46.h4 Ra4 47.h5 Rc4 
48.g4 1/2-1/2

[Event "19th Hoogeveen op"]
[Site "Hoogeveen NED"]
[Date "2015.10.19"]
[Round "4.33"]
[White "Munnik, Talitha"]
[Black "Kokje, Joris"]
[Result "1-0"]
[WhiteElo "2037"]
[BlackElo "1983"]
[EventDate "2015.10.17"]
[PlyCount "89"]

1.e4 c5 2.Nf3 d6 3.d4 cxd4 4.Nxd4 Nf6 5.Nc3 Nc6 6.Be3 Ng4 7.Bb5 Nxe3 8.
fxe3 Bd7 9.O-O Ne5 10.Bxd7+ Qxd7 11.Nf3 Nxf3+ 12.Qxf3 e5 13.Nd5 f6 14.Qh5+
Kd8 15.c4 Rc8 16.Rac1 Qe8 17.Qe2 h5 18.b4 Rh6 19.c5 Rc6 20.Qb5 Qd7 21.Qa5+
Ke8 22.Rfd1 Rg6 23.Rd2 Kf7 24.b5 Rxc5 25.Rxc5 dxc5 26.Nf4 Qe8 27.Qc7+ Kg8 
28.Nxg6 Qxg6 29.Qxb7 Qg5 30.Re2 Qg4 31.Qd5+ Kh7 32.Qd3 f5 33.exf5 e4 34.
Qc2 Bd6 35.Qd2 c4 36.Rf2 Be5 37.Qe2 Qg5 38.Qxc4 Qxe3 39.Qe2 Qc1+ 40.Rf1 
Qc5+ 41.Kh1 e3 42.Qxh5+ Kg8 43.Qe2 Qd4 44.Rc1 Qd2 45.Qxd2 1-0

[Event "19th Hoogeveen op"]
[Site "Hoogeveen NED"]
[Date "2015.10.19"]
[Round "4.34"]
[White "Lewin, Tammo"]
[Black "Boer, Bas De"]
[Result "1-0"]
[WhiteElo "2021"]
[BlackElo "1863"]
[EventDate "2015.10.17"]
[PlyCount "77"]

1.d4 d5 2.c4 c6 3.Nf3 Nf6 4.Nc3 e6 5.Bg5 h6 6.Bxf6 Qxf6 7.e3 g6 8.Bd3 dxc4
9.Bxc4 Bg7 10.O-O O-O 11.e4 Nd7 12.e5 Qe7 13.Qe2 Nb6 14.Bb3 Nd5 15.Ne4 b6 
16.Rac1 Bb7 17.Nd6 Rfd8 18.Bxd5 cxd5 19.Rc3 Rxd6 20.exd6 Qxd6 21.Rfc1 a5 
22.a3 Ba6 23.Qe3 a4 24.Rc6 Qb8 25.Ne5 Bb5 26.R6c2 Bxe5 27.Qxe5 Qxe5 28.
Rc8+ Kg7 29.dxe5 Rxc8 30.Rxc8 Bc4 31.f4 b5 32.Rd8 g5 33.g3 Kg6 34.Kf2 f6 
35.Ke3 fxe5 36.fxe5 d4+ 37.Kxd4 Kh5 38.Rh8 Kg6 39.Rf8 1-0